000 00311nam a22001217a 4500
003 LK-CoDNM
005 20240909094935.0
008 240905b |||||||| |||| 00| 0 eng d
040 _aLK-CoDNM
_dLK-CoDNM
_eLK-CoDNM
245 _aCeylon Government Gazette
_bMARCH
_c1968
260 _aGOVERMENT PRESS
942 _cBK
999 _c151245
_d151245